| 000 | 01071cam a2200277 a 4500 | ||
|---|---|---|---|
| 999 |
_c7710 _d7710 |
||
| 003 | OSt | ||
| 005 | 20200513115627.0 | ||
| 008 | 091105s2009 ilua b 000 0 eng | ||
| 020 | _a9780300141122 (hbk.) | ||
| 082 | 0 | 4 |
_a727.70977311 _222 |
| 100 | 1 | _aCuno, James B. | |
| 245 | 1 | 4 |
_aThe modern wing : _bRenzo Piano and the Art Institute of Chicago / _cJames Cuno, Paul Goldberger, and Joseph Rosa ; with a photographic portfolio by Judith Turner ; architectural photography by Paul Warchol. |
| 246 | 3 | 0 | _aRenzo Piano and the Art Institute of Chicago |
| 250 | _a1st ed. | ||
| 260 |
_aChicago, Ill. : _bArt Institute of Chicago ; _aNew Haven, Conn. : _bDistributed by Yale University Press, _cc2009. |
||
| 300 |
_a167 p. : _bill. (some col.) ; _c29 cm. |
||
| 504 | _aIncludes bibliographical references. | ||
| 600 | 1 | 0 | _aPiano, Renzo. |
| 610 | 2 | 0 | _aArt Institute of Chicago. |
| 651 | 0 |
_aChicago (Ill.) _xBuildings, structures, etc. |
|
| 700 | 1 | _aGoldberger, Paul. | |
| 700 | 1 | _aRosa, Joseph. | |
| 700 | 1 | _aTurner, Judith. | |
| 700 | 1 | _aWarchol, Paul. | |
| 942 | _2ddc | ||